[Event "ISL-chT 0910"]
[Site "Reykjavik"]
[Date "2010.03.05"]
[Round "5"]
[White "Lagerman, Robert"]
[Black "Einarsson, Bergsteinn"]
[Result "0-1"]
[WhiteElo "2351"]
[BlackElo "2210"]
[PlyCount "70"]
[EventDate "2009.09.25"]
[EventType "team-tourn"]
[EventRounds "7"]
[EventCountry "ISL"]
[SourceTitle "EXT 2011"]
[Source "ChessBase"]
[SourceDate "2010.11.26"]
[SourceVersion "1"]
[SourceVersionDate "2010.11.26"]
[SourceQuality "1"]

1. e4 c5 2. Nf3 d6 3. d4 cxd4 4. Nxd4 Nf6 5. Nc3 a6 6. Be3 e5 7. Nb3 Be7 8. f3 Be6 9. Qd2 Qc7 10. g4 Nbd7 11. 0-0-0 0-0 12. Kb1 Rfc8 13. Qf2 b5 14. g5 Nh5 15. Bd3 b4 16. Nd5 Bxd5 17. exd5 g6 18. Be4 a5 19. Nc1 a4 20. Ne2 Ra5 21. Ng3 Nf4 22. h4 Nc5 23. Qd2 b3 24. Rc1 bxa2+ 25. Kxa2 Nb3 26. Qb4 Nxc1+ 27. Rxc1 Rb8 28. Qa3 Qc4+ 29. Ka1 Nxd5 30. Bxd5 Rxd5 31. Ne4 Rdb5 32. Rb1 Qxc2 33. Nf6+ Bxf6 34. gxf6 Qb3 35. Rd1 Qxd1+ 0-1

[Event "ISL-chT 0910"]
[Site "Reykjavik"]
[Date "2009.09.25"]
[Round "1"]
[White "Bjarnason, Saevar"]
[Black "Einarsson, Bergsteinn"]
[Result "1/2-1/2"]
[WhiteElo "2171"]
[BlackElo "2210"]
[PlyCount "36"]
[EventDate "2009.09.25"]
[EventType "team-tourn"]
[EventRounds "7"]
[EventCountry "ISL"]
[SourceTitle "CBM 132 Extra"]
[Source "ChessBase"]
[SourceDate "2009.11.03"]
[SourceVersion "1"]
[SourceVersionDate "2009.11.03"]
[SourceQuality "1"]

1. c4 Nf6 2. g3 e6 3. Nf3 b6 4. Bg2 Bb7 5. 0-0 Be7 6. b3 0-0 7. Bb2 d5 8. d3 c5 9. e3 Nc6 10. Qe2 Qc7 11. a3 Rad8 12. Nc3 a6 13. Rac1 Rfe8 14. Rfd1 d4 15. exd4 Nxd4 16. Nxd4 cxd4 17. Ne4 Nxe4 18. Bxe4 a5 1/2-1/2

[Event "EU-Cup 22nd"]
[Site "Fuegen"]
[Date "2006.10.13"]
[Round "6.6"]
[White "Einarsson, Bergsteinn"]
[Black "Nogly, Christoph"]
[Result "0-1"]
[WhiteElo "2235"]
[BlackElo "2266"]
[PlyCount "58"]
[EventDate "2006.10.08"]
[EventType "team-swiss"]
[EventRounds "7"]
[EventCountry "AUT"]
[SourceTitle "CBM 115"]
[Source "ChessBase"]
[SourceDate "2006.11.15"]
[SourceVersion "1"]
[SourceVersionDate "2006.11.15"]
[SourceQuality "1"]
[WhiteTeam "Reykjavik CC"]
[BlackTeam "Berlin SF"]
[WhiteTeamCountry "ISL"]
[BlackTeamCountry "GER"]

1. d4 Nf6 2. c4 e6 3. Nc3 Bb4 4. e3 b6 5. Bd3 Bb7 6. Nf3 Ne4 7. Qc2 f5 8. 0-0 Bxc3 9. bxc3 0-0 10. Nd2 Qh4 11. f3 Nxd2 12. Bxd2 Nc6 13. Rae1 Na5 14. Bc1 Ba6 15. Qe2 d6 16. e4 fxe4 17. fxe4 Rxf1+ 18. Rxf1 Rf8 19. Rxf8+ Kxf8 20. g3 Qe7 21. e5 dxe5 22. Qf3+ Qf6 23. Qa8+ Ke7 24. Qxa7 Bb7 25. Qb8 Kd7 26. c5 Qf3 27. Bb5+ Bc6 28. Bxc6+ Nxc6 29. Qb7 Qd1+ 0-1

[Event "Reykjavik op 22nd"]
[Site "Reykjavik"]
[Date "2006.03.09"]
[Round "4"]
[White "Einarsson, Bergsteinn"]
[Black "Magnusson, Bjarni"]
[Result "1/2-1/2"]
[WhiteElo "2245"]
[BlackElo "2016"]
[PlyCount "75"]
[EventDate "2006.03.06"]
[EventType "swiss"]
[EventRounds "9"]
[EventCountry "ISL"]
[SourceTitle "CBM 111 Extra"]
[Source "ChessBase"]
[SourceDate "2006.05.09"]
[SourceVersion "1"]
[SourceVersionDate "2006.05.09"]
[SourceQuality "1"]

1. d4 Nf6 2. c4 e6 3. Nc3 Bb4 4. e3 0-0 5. Bd3 d6 6. Nge2 e5 7. 0-0 Nc6 8. d5 Ne7 9. e4 Ng6 10. Ng3 Bxc3 11. bxc3 Nf4 12. Bxf4 exf4 13. Nh5 Nxh5 14. Qxh5 g6 15. Qf3 Qg5 16. g3 fxg3 17. fxg3 Bg4 18. Qf4 Qxf4 19. gxf4 Rae8 20. Rae1 f6 21. Kf2 Bh3 22. Rg1 Bd7 23. h4 Kf7 24. Rg3 Rg8 25. Rge3 b6 26. Be2 Re7 27. Bd1 Kf8 28. Rg3 a5 29. Bc2 Reg7 30. Kf3 g5 31. hxg5 fxg5 32. e5 g4+ 33. Ke3 h5 34. e6 Be8 35. Rh1 Ke7 36. f5 Kf6 37. Kf4 Rg5 38. Rh2 1/2-1/2

[Event "Reykjavik op 22nd"]
[Site "Reykjavik"]
[Date "2006.03.08"]
[Round "3"]
[White "Scheeff, Volker"]
[Black "Einarsson, Bergsteinn"]
[Result "1/2-1/2"]
[WhiteElo "2142"]
[BlackElo "2245"]
[PlyCount "88"]
[EventDate "2006.03.06"]
[EventType "swiss"]
[EventRounds "9"]
[EventCountry "ISL"]
[SourceTitle "CBM 111 Extra"]
[Source "ChessBase"]
[SourceDate "2006.05.09"]
[SourceVersion "1"]
[SourceVersionDate "2006.05.09"]
[SourceQuality "1"]

1. e4 c5 2. c3 Nf6 3. e5 Nd5 4. Nf3 Nc6 5. Bc4 Nb6 6. Bb3 d5 7. exd6 e6 8. d4 Qxd6 9. 0-0 cxd4 10. cxd4 Be7 11. Nc3 a6 12. a3 0-0 13. Qd3 Nd5 14. Ne4 Qc7 15. Bg5 Nf4 16. Qd2 Bxg5 17. Nexg5 h6 18. Ne4 Nd5 19. Rac1 Qf4 20. Qd3 Rd8 21. Rfd1 Nce7 22. g3 Qb8 23. Ne5 f6 24. Nf3 b6 25. Bc2 Bb7 26. Bb1 Rd7 27. Nc3 Nf5 28. Nxd5 Bxd5 29. Rc3 Qe8 30. Nh4 Nxh4 31. Qh7+ Kf8 32. gxh4 Qh5 33. Rdc1 f5 34. Rc8+ Rxc8 35. Rxc8+ Kf7 36. Qg8+ Kg6 37. Qe8+ Rf7 38. Bc2 Qg4+ 39. Kf1 Qg2+ 40. Ke1 Qg1+ 41. Ke2 Qg4+ 42. Ke1 Qg1+ 43. Ke2 Qg4+ 44. Ke1 Qg1+ 1/2-1/2

[Event "Reykjavik op 22nd"]
[Site "Reykjavik"]
[Date "2006.03.06"]
[Round "1"]
[White "Erenburg, Sergey"]
[Black "Einarsson, Bergsteinn"]
[Result "1-0"]
[WhiteElo "2573"]
[BlackElo "2245"]
[PlyCount "131"]
[EventDate "2006.03.06"]
[EventType "swiss"]
[EventRounds "9"]
[EventCountry "ISL"]
[SourceTitle "CBM 111 Extra"]
[Source "ChessBase"]
[SourceDate "2006.05.09"]
[SourceVersion "1"]
[SourceVersionDate "2006.05.09"]
[SourceQuality "1"]

1. e4 c5 2. Nf3 e6 3. d4 cxd4 4. Nxd4 Nc6 5. Nc3 Qc7 6. Be3 a6 7. Qd2 Nf6 8. 0-0-0 Bb4 9. f3 Ne5 10. Nb3 b5 11. Kb1 Be7 12. Qf2 d6 13. Bb6 Qb8 14. Bd4 Nc6 15. Be3 Bd7 16. g4 Ne5 17. g5 Nh5 18. Rg1 b4 19. Ne2 Nc4 20. Bc1 Qc7 21. Ng3 Nxg3 22. Rxg3 e5 23. f4 exf4 24. Bxf4 Ne5 25. Nd4 g6 26. Bh3 Bxh3 27. Rxh3 Qc5 28. Rf1 Ng4 29. Qg1 Ne5 30. Be3 Rc8 31. Qf2 Qc4 32. b3 Qc3 33. Rg3 Qc7 34. Bf4 0-0 35. h4 Qb7 36. Qe2 Rc3 37. Rxc3 bxc3 38. Nf3 f6 39. gxf6 Bxf6 40. Bh6 Bg7 41. Nxe5 Rxf1+ 42. Qxf1 Bxh6 43. Qc4+ Kf8 44. Nc6 Qb6 45. Nd4 Bd2 46. a4 Kg7 47. Ka2 Kh6 48. b4 Be3 49. Ne6 Bd2 50. a5 Qg1 51. Qc7 Qd1 52. Qg7+ Kh5 53. Qxh7+ Bh6 54. Ng7+ Kxh4 55. Kb3 Qb1+ 56. Kc4 Qa2+ 57. Kd3 Kg5 58. Ne8 Qe6 59. Qh8 Qh3+ 60. Kd4 Kg4 61. Qf6 Qe3+ 62. Kd5 Qd2+ 63. Kc4 Qxc2 64. Qxg6+ Bg5 65. Nf6+ Kf3 66. Qh5+ 1-0

[Event "EU-Cup 21st"]
[Site "Saint Vincent"]
[Date "2005.09.21"]
[Round "4.6"]
[White "Hammer, Jon Ludvig"]
[Black "Einarsson, Bergsteinn"]
[Result "1/2-1/2"]
[WhiteElo "2318"]
[BlackElo "2235"]
[PlyCount "89"]
[EventDate "2005.09.18"]
[EventType "team-swiss"]
[EventRounds "7"]
[EventCountry "ITA"]
[SourceTitle "CBM 110"]
[Source "ChessBase"]
[SourceDate "2006.01.31"]
[SourceVersion "1"]
[SourceVersionDate "2006.01.31"]
[SourceQuality "1"]
[WhiteTeam "Oslo"]
[BlackTeam "Reykjavik CC"]
[WhiteTeamCountry "NOR"]
[BlackTeamCountry "ISL"]

1. e4 c5 2. Nf3 d6 3. Bb5+ Nd7 4. d4 Ngf6 5. Nc3 cxd4 6. Qxd4 e5 7. Qd3 h6 8. a4 Be7 9. Be3 0-0 10. Bc4 Ng4 11. 0-0 Nxe3 12. Qxe3 Nb6 13. Bb3 Be6 14. Rfd1 Qc7 15. a5 Nc4 16. Bxc4 Qxc4 17. b3 Qc6 18. Ne1 f5 19. Nd5 Bh4 20. c4 fxe4 21. g3 Bd8 22. Qxe4 Bf5 23. Qg2 Kh8 24. Nc3 Qc5 25. Nd3 Qc7 26. Nb5 Qe7 27. Nb4 a6 28. Nxd6 Bg4 29. Rd3 Be2 30. Rd2 Bf3 31. Qf1 e4 32. Qe1 Qe6 33. c5 Bf6 34. Nd5 Bxa1 35. Qxa1 Rad8 36. Qc3 Rd7 37. Ne3 Kh7 38. Qb4 Qe7 39. Rd5 Qe6 40. Qd4 h5 41. Qe5 Qg6 42. Qg5 Qe6 43. Qe5 Qg6 44. Qg5 Qe6 45. Qe5 1/2-1/2

[Event "ISL-chT 0405"]
[Site "Reykjavik"]
[Date "2005.03.04"]
[Round "5"]
[White "Einarsson, Bergsteinn"]
[Black "Karlsson, Bjorn Ivar"]
[Result "1/2-1/2"]
[WhiteElo "2243"]
[BlackElo "2224"]
[PlyCount "58"]
[EventDate "2004.11.19"]
[EventType "team"]
[EventRounds "7"]
[EventCountry "ISL"]
[SourceTitle "EXT 2006"]
[Source "ChessBase"]
[SourceDate "2005.11.24"]
[SourceVersion "1"]
[SourceVersionDate "2005.11.24"]
[SourceQuality "1"]

1. d4 Nf6 2. c4 e6 3. Nc3 Bb4 4. e3 b6 5. Bd3 Bb7 6. Nf3 Ne4 7. Qc2 f5 8. 0-0 Bxc3 9. bxc3 0-0 10. Nd2 Qh4 11. f3 Ng5 12. e4 fxe4 13. Nxe4 Nxe4 14. Bxe4 Bxe4 15. Qxe4 Qxe4 16. fxe4 Rxf1+ 17. Kxf1 Nc6 18. Ke2 Rf8 19. Be3 d6 20. Rb1 Na5 21. Kd3 c5 22. Rc1 e5 23. d5 h6 24. Rc2 Kh7 25. Rf2 Rxf2 26. Bxf2 g5 27. g4 Kg6 28. h4 Nb7 29. h5+ Kf6 1/2-1/2

[Event "ISL-chT 0001"]
[Site "Reykjavik"]
[Date "2000.11.18"]
[Round "2"]
[White "Einarsson, Bergsteinn"]
[Black "Halldorsson, Bragi"]
[Result "1-0"]
[WhiteElo "2257"]
[BlackElo "2244"]
[PlyCount "101"]
[EventDate "2000.11.17"]
[EventType "team"]
[EventRounds "7"]
[EventCountry "ISL"]
[SourceTitle "CBM 079 Extra"]
[Source "ChessBase"]
[SourceDate "2001.01.11"]
[SourceVersion "2"]
[SourceVersionDate "2001.01.25"]
[SourceQuality "1"]

1. d4 c6 2. c4 d5 3. Nc3 Nf6 4. Nf3 dxc4 5. a4 Bg4 6. e3 e6 7. Bxc4 a5 8. 0-0 Na6 9. h3 Bh5 10. Be2 Bb4 11. Ne5 Bg6 12. Bf3 0-0 13. Qe2 Qb6 14. h4 h6 15. Nxg6 fxg6 16. Qd3 Kf7 17. e4 Be7 18. Be3 Nb4 19. Qd1 Rfd8 20. e5 Nfd5 21. Be4 Ke8 22. Qg4 Kd7 23. Bxg6 Rf8 24. Rac1 Qa6 25. Rfd1 Rad8 26. Be4 g5 27. Bxd5 Nxd5 28. Nxd5 cxd5 29. hxg5 hxg5 30. Rc3 Rf5 31. Rdc1 Qb6 32. Qe2 Rf7 33. Qc2 Rg7 34. Rc7+ Ke8 35. Qe2 g4 36. Qb5+ Qxb5 37. axb5 Rb8 38. b6 Rg8 39. Bd2 Bd8 40. Rc8 Rxc8 41. Rxc8 Kd7 42. Rb8 Kc6 43. Bxa5 Kb5 44. Ra8 Rf8 45. Bc3 Be7 46. Rxf8 Bxf8 47. Kh2 Bb4 48. Kg3 Bxc3 49. bxc3 Kc4 50. f4 gxf3 51. Kxf3 1-0

[Event "Nordic-chT U20"]
[Site "Espoo"]
[Date "2000.??.??"]
[Round "4"]
[White "Einarsson, Bergsteinn"]
[Black "Kryger, Oksana"]
[Result "1-0"]
[WhiteElo "2245"]
[BlackElo "2081"]
[PlyCount "45"]
[EventDate "2000.??.??"]
[EventType "team"]
[EventRounds "6"]
[EventCountry "FIN"]
[SourceTitle "EXT 2001"]
[Source "ChessBase"]
[SourceDate "2000.11.22"]
[SourceVersion "1"]
[SourceVersionDate "2000.11.22"]
[SourceQuality "1"]

1. d4 Nf6 2. c4 e6 3. Nc3 Bb4 4. e3 c5 5. Bd3 b6 6. Nge2 Bb7 7. 0-0 0-0 8. a3 Bxc3 9. bxc3 d6 10. Ng3 Nc6 11. f4 Qd7 12. d5 Na5 13. e4 Ba6 14. e5 Ne8 15. Qe2 Qa4 16. dxe6 fxe6 17. Qe4 g6 18. Qxa8 Bb7 19. Qd8 Qc6 20. Be4 d5 21. cxd5 exd5 22. Bf3 Nc4 23. Qh4 1-0

[Event "ISL-ch"]
[Site "Reykjavik"]
[Date "1999.09.10"]
[Round "10"]
[White "Kjartansson, David"]
[Black "Einarsson, Bergsteinn"]
[Result "0-1"]
[WhiteElo "2154"]
[BlackElo "2241"]
[PlyCount "50"]
[EventDate "1999.08.31"]
[EventType "tourn"]
[EventRounds "11"]
[EventCountry "ISL"]
[EventCategory "4"]
[SourceTitle "EXT 2000"]
[Source "ChessBase"]
[SourceDate "1999.11.16"]
[SourceVersion "1"]
[SourceVersionDate "1999.11.16"]
[SourceQuality "1"]

1. Nf3 Nf6 2. d4 d5 3. Bg5 e6 4. c3 Be7 5. Nbd2 0-0 6. Qc2 c5 7. dxc5 Bxc5 8. Bxf6 Qxf6 9. e4 Qe7 10. e5 Nc6 11. b4 Bb6 12. b5 Na5 13. Bd3 h6 14. 0-0 Bd7 15. Rac1 Rac8 16. Qb2 Rc7 17. Qb4 Qc5 18. a4 Rfc8 19. Qh4 Qa3 20. Nb1 Qc5 21. Rcd1 Nc4 22. g4 Nb2 23. g5 Nxd3 24. gxh6 Qxf2+ 25. Qxf2 Nxf2 0-1

[Event "ISL-ch"]
[Site "Reykjavik"]
[Date "1999.09.07"]
[Round "7"]
[White "Einarsson, Bergsteinn"]
[Black "Thorfinnsson, Bragi"]
[Result "1/2-1/2"]
[WhiteElo "2241"]
[BlackElo "2260"]
[PlyCount "23"]
[EventDate "1999.08.31"]
[EventType "tourn"]
[EventRounds "11"]
[EventCountry "ISL"]
[EventCategory "4"]
[SourceTitle "EXT 2000"]
[Source "ChessBase"]
[SourceDate "1999.11.16"]
[SourceVersion "1"]
[SourceVersionDate "1999.11.16"]
[SourceQuality "1"]

1. d4 d5 2. c4 c6 3. Nc3 Nf6 4. Nf3 dxc4 5. a4 Bf5 6. e3 e6 7. Bxc4 Nbd7 8. 0-0 Be7 9. h3 0-0 10. Nh4 Be4 11. Nxe4 Nxe4 12. Nf3 1/2-1/2

[Event "ISL-ch"]
[Site "Reykjavik"]
[Date "1999.09.03"]
[Round "4"]
[White "Bjornsson, Sigurbjorn"]
[Black "Einarsson, Bergsteinn"]
[Result "1/2-1/2"]
[WhiteElo "2254"]
[BlackElo "2241"]
[PlyCount "90"]
[EventDate "1999.08.31"]
[EventType "tourn"]
[EventRounds "11"]
[EventCountry "ISL"]
[EventCategory "4"]
[SourceTitle "EXT 2000"]
[Source "ChessBase"]
[SourceDate "1999.11.16"]
[SourceVersion "1"]
[SourceVersionDate "1999.11.16"]
[SourceQuality "1"]

1. e4 c5 2. d3 e6 3. Nf3 Nc6 4. g3 g6 5. Bg2 Bg7 6. 0-0 Nge7 7. Nbd2 0-0 8. Re1 d6 9. h4 Rb8 10. a4 a6 11. h5 b5 12. axb5 axb5 13. Nf1 b4 14. N1h2 Nd4 15. Ng4 Nec6 16. Nxd4 Nxd4 17. Bh6 e5 18. Bxg7 Bxg4 19. Qxg4 Kxg7 20. Rac1 Qe7 21. Bf3 f5 22. exf5 Nxf3+ 23. Qxf3 Rxf5 24. Qg4 Rxh5 25. Ra1 Rf8 26. Re2 Qf7 27. c3 bxc3 28. bxc3 Qf3 29. Qxf3 Rxf3 30. Rd2 Rhf5 31. Kg2 h5 32. Ra6 Rf6 33. Ra7+ Kh6 34. Rd7 g5 35. Rd8 g4 36. Rd7 Kg6 37. Rd8 Kf5 38. Rh8 Kg5 39. Rg8+ Rg6 40. Rh8 Re6 41. Rg8+ Rg6 42. Rh8 c4 43. dxc4 Rxc3 44. Rd8 Rxc4 45. R8xd6 Rxd6 1/2-1/2

[Event "Gudmundur Arason op 4th"]
[Site "Hafnarfjordur"]
[Date "1998.12.21"]
[Round "8"]
[White "Einarsson, Einar Kristinn"]
[Black "Einarsson, Bergsteinn"]
[Result "1/2-1/2"]
[WhiteElo "2125"]
[BlackElo "2210"]
[PlyCount "41"]
[EventDate "1998.12.??"]
[EventType "swiss"]
[EventRounds "9"]
[EventCountry "ISL"]
[SourceTitle "EXT 2000"]
[Source "ChessBase"]
[SourceDate "1999.11.16"]
[SourceVersion "1"]
[SourceVersionDate "1999.11.16"]
[SourceQuality "1"]

1. c4 Nf6 2. Nc3 g6 3. g3 Bg7 4. Bg2 0-0 5. d3 c6 6. Nf3 d5 7. cxd5 Nxd5 8. Nxd5 cxd5 9. 0-0 Nc6 10. d4 Bg4 11. e3 Qd7 12. Bd2 Rac8 13. Qb3 Bf6 14. Bc3 h5 15. Ne5 Bxe5 16. dxe5 Be2 17. e6 Qxe6 18. Bxd5 Qf5 19. Rfe1 Bf3 20. Bxf3 Qxf3 21. Qd1 1/2-1/2

[Event "Gudmundur Arason op 4th"]
[Site "Hafnarfjordur"]
[Date "1998.12.19"]
[Round "6"]
[White "Blees, Albert"]
[Black "Einarsson, Bergsteinn"]
[Result "1/2-1/2"]
[WhiteElo "2430"]
[BlackElo "2210"]
[PlyCount "93"]
[EventDate "1998.12.??"]
[EventType "swiss"]
[EventRounds "9"]
[EventCountry "ISL"]
[SourceTitle "EXT 2000"]
[Source "ChessBase"]
[SourceDate "1999.11.16"]
[SourceVersion "1"]
[SourceVersionDate "1999.11.16"]
[SourceQuality "1"]

1. d4 Nf6 2. c4 e6 3. Nf3 b6 4. g3 Ba6 5. Nbd2 d5 6. Ne5 c6 7. Bg2 Be7 8. 0-0 0-0 9. e4 Nfd7 10. exd5 Nxe5 11. dxe5 exd5 12. Qg4 Qd7 13. Qf4 dxc4 14. Nxc4 Qe6 15. b3 Nd7 16. Bb2 Nc5 17. Rfd1 Bxc4 18. bxc4 Rad8 19. Bc3 Na4 20. Bd4 Bb4 21. Be4 Nc3 22. Bxc3 Rxd1+ 23. Rxd1 Bxc3 24. Qf3 Qxe5 25. Bxc6 Qf6 26. Qe4 Bb4 27. Rd3 Bc5 28. Rf3 Qe7 29. Qc2 g6 30. h4 Qe5 31. Bd5 Kg7 32. Qa4 a5 33. Qd7 Qe7 34. Qb5 Qe5 35. Kg2 h5 36. Rf4 Qe7 37. Qb2+ Kh7 38. Qc3 Kg8 39. Qd2 Kg7 40. Qc3+ Kg8 41. Rf6 Kh7 42. Rc6 Kh6 43. Qd2+ Kh7 44. Qf4 Kg7 45. a4 Rd8 46. Rc7 Rd7 47. Rxd7 1/2-1/2

[Event "ISL-ch"]
[Site "Arborg"]
[Date "1998.11.06"]
[Round "10"]
[White "Thorhallsson, Throstur"]
[Black "Einarsson, Bergsteinn"]
[Result "1/2-1/2"]
[WhiteElo "2495"]
[BlackElo "2210"]
[PlyCount "89"]
[EventDate "1998.10.27"]
[EventType "tourn"]
[EventRounds "11"]
[EventCountry "ISL"]
[EventCategory "4"]
[SourceTitle "CBM 067 Extra"]
[Source "ChessBase"]
[SourceDate "1999.01.01"]
[SourceVersion "1"]
[SourceVersionDate "1999.01.01"]
[SourceQuality "1"]

1. e4 c5 2. Nc3 d6 3. f4 g6 4. Nf3 Bg7 5. Bc4 e6 6. 0-0 Ne7 7. d3 Nbc6 8. Qe1 0-0 9. Bb3 Rb8 10. Ne2 b5 11. c3 b4 12. c4 f5 13. Rb1 e5 14. Qh4 Qc7 15. Bd2 Bd7 16. Ba4 Rbe8 17. Rbe1 a5 18. Kh1 Nd4 19. Nexd4 exd4 20. Bxd7 Qxd7 21. Qh3 Nc6 22. Ng5 Bf6 23. Qg3 Bxg5 24. Qxg5 Qf7 25. b3 Re7 26. exf5 Qxf5 27. Qxf5 gxf5 28. Rxe7 Nxe7 29. Kg1 Ra8 30. a4 bxa3 31. Ra1 d5 32. Rxa3 dxc4 33. dxc4 Nc6 34. Kf2 Kf7 35. Ke2 Ke6 36. Kd3 Kd6 37. Ra1 Re8 38. Re1 Rb8 39. Kc2 d3+ 40. Kxd3 Rxb3+ 41. Bc3 Nb4+ 42. Kd2 a4 43. Re3 Rb1 44. Be5+ Kc6 45. Ra3 1/2-1/2

[Event "ESP Ronda op"]
[Site "Spain"]
[Date "1998.??.??"]
[Round "?"]
[White "Ribera Nebot, Joan"]
[Black "Einarsson, Bergsteinn"]
[Result "1/2-1/2"]
[WhiteElo "2185"]
[BlackElo "2210"]
[PlyCount "55"]
[EventDate "1998.??.??"]
[EventType "swiss"]
[EventRounds "9"]
[EventCountry "ESP"]
[SourceTitle "EXT 2003"]
[Source "ChessBase"]
[SourceDate "2002.11.25"]
[SourceVersion "1"]
[SourceVersionDate "2002.11.25"]
[SourceQuality "1"]

1. d4 Nf6 2. c4 e6 3. g3 d5 4. Bg2 Be7 5. Nf3 0-0 6. 0-0 b6 7. Qc2 Bb7 8. cxd5 exd5 9. Nc3 c6 10. b3 Nbd7 11. Bb2 Re8 12. Rac1 Bb4 13. e3 Qe7 14. Nb1 Bd6 15. Nc3 Rad8 16. Rfe1 Ne4 17. Nd2 f5 18. f3 Nxd2 19. Qxd2 Qg5 20. Qd3 c5 21. f4 Qh5 22. Nxd5 Bxd5 23. Bxd5+ Kh8 24. Bg2 Nf6 25. d5 Ne4 26. Bxe4 Rxe4 27. Rc4 Rde8 28. Rxe4 1/2-1/2

[Event "Politiken Cup 19th"]
[Site "Copenhagen"]
[Date "1997.07.13"]
[Round "8"]
[White "Sorensen, Torben"]
[Black "Einarsson, Bergsteinn"]
[Result "1-0"]
[WhiteElo "2300"]
[BlackElo "2195"]
[PlyCount "87"]
[EventDate "1997.07.??"]
[EventType "swiss"]
[EventRounds "11"]
[EventCountry "DEN"]
[SourceTitle "EXT 2000"]
[Source "ChessBase"]
[SourceDate "1999.11.16"]
[SourceVersion "1"]
[SourceVersionDate "1999.11.16"]
[SourceQuality "1"]

1. Nf3 Nf6 2. c4 e6 3. g3 d5 4. d4 b6 5. Bg2 Bb4+ 6. Nc3 0-0 7. 0-0 c6 8. Bg5 Be7 9. Ne5 Nfd7 10. cxd5 cxd5 11. Bxe7 Qxe7 12. e4 Nxe5 13. exd5 Nc4 14. d6 Qxd6 15. Bxa8 Ba6 16. Bg2 Nxb2 17. Qb3 Nd3 18. Nb5 Bxb5 19. Qxb5 Qxd4 20. Rad1 Rd8 21. Rd2 Qd7 22. Qxd7 Rxd7 23. Rfd1 Nc5 24. Rxd7 Nbxd7 25. Bc6 Nf8 26. Rd8 g6 27. Ra8 a6 28. Be8 e5 29. Ra7 f6 30. Bf7+ Kh8 31. Bc4 b5 32. Rc7 Nce6 33. Bxe6 Nxe6 34. Rc6 Nd4 35. Rxf6 a5 36. Rf7 a4 37. Ra7 Ne2+ 38. Kf1 Nc3 39. Rb7 a3 40. Ke1 Kg8 41. Kd2 Ne4+ 42. Kc2 Nd6 43. Rb6 Nf5 44. Kb3 1-0